Vista normal Vista MARC

Entrada Nombre personal

Número de registros utilizados en: 2

001 - NÚMERO DE CONTROL

  • campo de control: 166

003 - IDENTIFICADOR DEL NÚMERO DE CONTROL

  • campo de control: AR-RoIUNI

005 - FECHA Y HORA DE LA ÚLTIMA TRANSACCIÓN

  • campo de control: 20181004152104.0

008 - DATOS DE LONGITUD FIJA

  • campo de control de longitud fija: 771213s1977 enka b 001 0 eng

010 ## - NÚMERO DE CONTROL DE LA BIBLIOTECA DEL CONGRESO

  • Número de control de LC: 77372846

020 ## - NÚMERO INTERNACIONAL ESTÁNDAR DEL LIBRO

  • Número Internacional Estándar del Libro: 0632001887

040 ## - FUENTE DE LA CATALOGACIÓN

  • Centro catalogador/agencia de origen: DLC
  • Centro/agencia transcriptor: DLC
  • Centro/agencia modificador: DLC

050 00 - SIGNATURA TOPOGRÁFICA DE LA BIBLIOTECA DEL CONGRESO

  • Número de clasificación: QP121
  • Número de documento/Ítem: .W44 1977

060 ## - SIGNATURA TOPOGRÁFICA DE LA NATIONAL LIBRARY OF MEDICINE

  • Número de clasificación: WF102 W518v 1977

082 00 - SIGNATURA TOPOGRÁFICA DECIMAL DEWEY

  • Número de clasificación: 612/.22

100 1# - ENCABEZAMIENTO-NOMBRE DE PERSONA

  • Nombre de persona: West, John B.
  • Forma completa/desarrollada del nombre: (John Burnard)

260 ## - REFERENCIA COMPLEJA DE VÉASE--MATERIA

  • Encabezamiento referido a: Oxford :
  • Encabezamiento referido a: Philadelphia :

500 ## - TRAZADO DE VÉASE ADEMÁS--NOMBRE DE PERSONA

  • Nombre de persona: Includes index.